The Japanese civil service and economic development : (Record no. 15603)
[ view plain ]
| 000 -LEADER | |
|---|---|
| fixed length control field | 00557pam a2200169 a 4500 |
| 020 ## - INTERNATIONAL STANDARD BOOK NUMBER | |
| ISBN | 0198289383 |
| 040 ## - CATALOGING SOURCE | |
| Transcribing agency | DLC |
| 082 00 - DEWEY DECIMAL CLASSIFICATION NUMBER | |
| Classification number | 354 OXF 1995 A077 Or. |
| 245 04 - TITLE STATEMENT | |
| Title | The Japanese civil service and economic development : |
| Remainder of title | catalysts of change / |
| 260 ## - PUBLICATION, DISTRIBUTION, ETC. (IMPRINT) | |
| Place of publication | Oxford : |
| Name of publisher | Clarendon Press ; |
| Place of publication | New York : |
| Name of publisher | Oxford University Press, |
| Year of publication | 1995. |
| 300 ## - PHYSICAL DESCRIPTION | |
| Number of Pages | xxi, 552 p. : |
| Other physical details | ill. ; |
| Dimensions | 25 cm. |
| 650 #0 - SUBJECT ADDED ENTRY--TOPICAL TERM | |
| Topical Term | Civil service |
| 650 #0 - SUBJECT ADDED ENTRY--TOPICAL TERM | |
| Topical Term | Civil service. |
| 700 1# - ADDED ENTRY--PERSONAL NAME | |
| Personal name | Kim, Hyung-Ki, |
| 856 42 - ELECTRONIC LOCATION AND ACCESS | |
| Uniform Resource Identifier | http://www.loc.gov/catdir/enhancements/fy0603/95003096-d.html |
| 942 ## - ADDED ENTRY ELEMENTS (KOHA) | |
| Koha item type | សៀវភៅភាសាអង់គ្លេស |
| 952 ## - LOCATION AND ITEM INFORMATION (KOHA) | |
| Withdrawn status [LOCAL, KOHA] | 0 |
| Permanent Location | Date acquired | Koha item type | Lost status | Shelving location | Barcode | Current Location | Full call number |
|---|---|---|---|---|---|---|---|
| Library Block A | 2017-12-04 | សៀវភៅភាសាអង់គ្លេស | A077 | A06770 | Library Block A | 354 OXF 1995 A077 Or. |